书目信息 |
| 题名: |
神府东胜煤成浆性及煤焦浆制备研究
|
|
| 作者: | 宋成建 著 | |
| 分册: | ||
| 出版信息: | 北京 中国石化出版社 2018.08 |
|
| 页数: | 154页 | |
| 开本: | 21cm | |
| 丛书名: | ||
| 单 册: | ||
| 中图分类: | TQ536.1 | |
| 科图分类: | ||
| 主题词: | 水煤浆--shui mei jiang--制备--研究 | |
| 电子资源: | ||
| ISBN: | 978-7-5114-4962-7 | |
| 000 | 01025nam0 2200241 450 | |
| 001 | 202019134262 | |
| 005 | 20191002113834.0 | |
| 010 | @a978-7-5114-4962-7@dCNY35.00 | |
| 100 | @a20190928d2018 em y0chiy50 ea | |
| 101 | 0 | @achi |
| 102 | @aCN@b110000 | |
| 105 | @aak a 000yy | |
| 106 | @ar | |
| 200 | 1 | @a神府东胜煤成浆性及煤焦浆制备研究@Ashen fu dong sheng mei cheng jiang xing ji mei jiao jiang zhi bei yan jiu@f宋成建著 |
| 210 | @a北京@c中国石化出版社@d2018.08 | |
| 215 | @a154页@c图@d21cm | |
| 320 | @a有书目 (第132-154页) | |
| 330 | @a本书以神府东胜煤及其兰炭为研究对象分别制备水煤浆及水焦浆, 系统地探讨煤质因素对水煤浆成浆性的影响规律。通过Materials Studio软件模拟水煤浆体系研究煤/水/分散剂之间的相互作用机制, 采用偏最小二乘法建立分散剂和煤成浆性的适配性预测模型, 并利用兰炭末配煤制备煤焦浆, 探讨影响煤焦浆成浆性的因素。 | |
| 606 | 0 | @a水煤浆@Ashui mei jiang@x制备@x研究 |
| 690 | @aTQ536.1@v5 | |
| 701 | 0 | @a宋成建@Asong cheng jian@4著 |
| 801 | 0 | @aCN@c20190905 |
| 905 | @a河南城建学院图书馆@dTQ536.1@eS756 | |
| 神府东胜煤成浆性及煤焦浆制备研究/宋成建著.-北京:中国石化出版社,2018.08 |
| 154页:图;21cm |
| ISBN 978-7-5114-4962-7:CNY35.00 |
| 本书以神府东胜煤及其兰炭为研究对象分别制备水煤浆及水焦浆, 系统地探讨煤质因素对水煤浆成浆性的影响规律。通过Materials Studio软件模拟水煤浆体系研究煤/水/分散剂之间的相互作用机制, 采用偏最小二乘法建立分散剂和煤成浆性的适配性预测模型, 并利用兰炭末配煤制备煤焦浆, 探讨影响煤焦浆成浆性的因素。 |
| ● |
| 相关链接 |
|
|
|
正题名:神府东胜煤成浆性及煤焦浆制备研究
索取号:TQ536.1/S756
 
预约/预借
| 序号 | 登录号 | 条形码 | 馆藏地/架位号 | 状态 | 备注 |
| 1 | 1442133 | 214421339 | 自科库501/501自科库 40排1列4层/ [索取号:TQ536.1/S756] | 在馆 | |
| 2 | 1442134 | 214421348 | 自科库501/501自科库 40排1列4层/ [索取号:TQ536.1/S756] | 在馆 |